000 00588nam a2200229Ia 4500
003 OSt
005 20221006152951.0
006 a|||||r|||| 00| 0
007 ta
008 221006b |||||||| |||| 00| 0 eng d
024 _a30,676
037 _cTextual
040 _aEASL
_cEASL
_beng
041 _2eng
_aeng
082 _aO41,2, L2
245 0 _aStory of the modern Peking opera
_b The red lantern
260 _aPeking
_bForiegn Language Press China
_c1972
300 _a43p.
_ccm.
650 _aCEL
942 _hO41,2, L2
_cTEXL
_2CC
999 _c1098762
_d1098762